|
|
|
|
| LEADER |
00929nam a2200241 a 4500 |
| 001 |
c000261176 |
| 003 |
CARM |
| 005 |
20070523153623.0 |
| 008 |
070523s1963 enk 000 1 eng d |
| 019 |
1 |
|
|a 50070644
|5 LACONCORD2021
|
| 035 |
|
|
|a (OCoLC)30220414
|5 LACONCORD2021
|
| 040 |
|
|
|a VCAV
|b eng
|c VCAV
|
| 100 |
1 |
|
|a Lutz, Giles A.
|
| 240 |
1 |
4 |
|a The honyocker
|
| 245 |
1 |
0 |
|a Range feud /
|c Giles A. Lutz.
|
| 250 |
|
|
|a 1st NEL ed.
|
| 260 |
|
|
|a London :
|b Four Square Books ;
|b New English Library.,
|c 1963.
|
| 300 |
|
|
|a 159 p.
|
| 500 |
|
|
|a Originally published under the title "The honyocker".
|
| 500 |
|
|
|a "The book which won the Western Writers of America Silver Spur Award." --Front cover.
|
| 852 |
8 |
|
|b CARM
|h A1:AO05A0
|i A04305
|p 0378269
|f BK
|
| 999 |
f |
f |
|i 53a5f011-6954-5833-8994-738e6d1fa136
|s 71301f84-1075-55a8-ae03-727bfc635e65
|
| 952 |
f |
f |
|p Can circulate
|a CAVAL
|b CAVAL
|c CAVAL
|d CARM 1 Store
|e A04305
|f A1:AO05A0
|h Other scheme
|i book
|m 0378269
|